Focus: West Midlands update (Record no. 76281)

MARC details
000 -LEADER
fixed length control field 00982cab a2200193 4500
001 - CONTROL NUMBER
control field ##L131823
008 - FIXED-LENGTH DATA ELEMENTS--GENERAL INFORMATION
fixed length control field 051212n2005 000 0 eng u
035 ## - SYSTEM CONTROL NUMBER
System control number (Sirsi) u131823
041 ## - LANGUAGE CODE
Language code of text/sound track or separate title eng
100 1# - MAIN ENTRY--PERSONAL NAME
Personal name Pilkington, Lisa
245 00 - TITLE STATEMENT
Title Focus: West Midlands update
260 ## - PUBLICATION, DISTRIBUTION, ETC.
Date of publication, distribution, etc. 2005
490 ## - SERIES STATEMENT
Series statement Estates Gazette
Volume/sequential designation (548) 3 December 2005, 89-101(7)
520 ## - SUMMARY, ETC.
Summary, etc. Covers the tough conditions in the regional retail market but highlights the opening of major new shopping centres in Coventry and Nuneaton. Looks at the Birmingham office market with its problems of short-term supply and present concentration on refurbishments and by contrast the M42 corridor where low demand and massive oversupply prevails. Reports on the healthy industrial market with fierce competition for sites, escalating land values and warnings of overheating.
590 ## - LOCAL NOTE (RLIN)
Local note IKA030106
690 ## - LOCAL SUBJECT ADDED ENTRY--TOPICAL TERM (OCLC, RLIN)
Topical term or geographic name as entry element PROPERTY-COMMERCIAL PROPERTY-COMMERCIAL PROPERTY MARKET
700 1# - ADDED ENTRY--PERSONAL NAME
Personal name Halstead, Ian
942 ## - ADDED ENTRY ELEMENTS (KOHA)
Suppress in OPAC 0
Holdings
Withdrawn status Lost status Source of classification or shelving scheme Damaged status Not for loan Home library Current library Shelving location Date acquired Total Checkouts Full call number Barcode Date last seen Copy number Price effective from Koha item type
    Dewey Decimal Classification     London London Journal article 12/12/2005   L131823 131823-1001 06/08/2019 1 06/08/2019 Journal article